000 00705nam a22002535i 4500
001 10723
003 ES-MaACL
005 20240510063017.0
007 t|
008 920421s1991 sp ||||0| spa j
020 _a8486351286
040 _aM-BN
_bspa
_cM-BN
080 _a860-14"19"
100 1 _aCarlón, José.
_935291
245 1 0 _aPoemas bárbaros /
_cJosé Carlón.
250 _a[1ª ed.].
260 _aHumanes de Madrid :
_bJuan Pastor,
_c1991.
300 _a57 p. ;
_c20 cm.
490 1 _aDevenir. Serie Poesía ;
_v48
830 0 0 _aDevenir.
_pSerie Poesía ;
_v48
_9236243
852 _aES-MaACL
_jP-1931 N 48
_bR.122644
_911016
942 _2udc
999 _c10723
_d10723